000 00781nam a22002537a 4500
003 BPGM
005 20260627205353.0
008 260627b2014 mx |a||| |||| 001 0 spa d
020 _a978-607-7906-36-0
040 _aBPGM
_bspa
082 0 4 _aCQ / 972.45 / Q47
100 _aISLA ESTRADA, JUAN ANTONIA.
245 _aQUERETARO A TRAVES DE SU HISTORIA Y SUS PERSONAJES.
250 _aPRIMERA EDICCION
260 _aQUERETARO;
_bFONDO EDITORIAL DE QUERETARO,
_c2014.
300 _a361 paginas,
_c29 cm x 20.2 cm.
336 _2rdacontent
_atexto
_btxt
337 _2rdamedia
_asin mediación
_bn
338 _2rdacarrier
_avolumen
_bnc
650 _aGEOGRAFIA E HISTORIA
650 _aHISTORIA GENERAL DE AMERICA DEL NORTE
650 _aMESOAMERICA,MEXICO
942 _2ddc
_cCOLQ
999 _c68697
_d68697